000 00538nmm a2200157Ia 4500
008 251105s9999||||xx |||||||||||||||||und||
041 _aspa
100 _aIbañez San Millán, Mª Dolores
245 0 _aRedes sociales para PYMES. Introducción al Community Management
264 _a[Madrid, España] :
_bMinisterio de Educación, Cultura y Deporte de España,
_c2014
300 _a157 páginas
490 _aAula Mentor
650 _aTechnology and computing
856 _uhttps://public.digitaliapublishing.com/a/30261
942 _cCF
999 _c98438
_d98438